Cena pana Alfreda Nobela. V centru pozornosti problematika rozvojových zemí.
V roku 1979 získali Nobelovu cenu za ekonómiu dvaja vedci: Arthur Lewis z univerzity v Princeton a Theodore W. Schultz z chicagské univerzity. Cena bola udelená za priekopnícky výskum v oblasti ekonomického rozvoja, so zvláštnym zreteľom na rozvojové krajiny.
Salvato in:
| Natura: | Capitolo di libro |
|---|---|
| Lingua: | ceco |
| Soggetti: | |
| Tags: |
Nessun Tag, puoi essere il primo ad aggiungerne!!
|
MARC
| LEADER | 00000naa a2200000 4500 | ||
|---|---|---|---|
| 001 | r013225 | ||
| 005 | 20221213083205.8 | ||
| 041 | 0 | |a cze | |
| 044 | |a CZ | ||
| 245 | 1 | 0 | |a Cena pana Alfreda Nobela. |b V centru pozornosti problematika rozvojových zemí. |
| 520 | |a V roku 1979 získali Nobelovu cenu za ekonómiu dvaja vedci: Arthur Lewis z univerzity v Princeton a Theodore W. Schultz z chicagské univerzity. Cena bola udelená za priekopnícky výskum v oblasti ekonomického rozvoja, so zvláštnym zreteľom na rozvojové krajiny. | ||
| 610 | 2 | 0 | |a Nobelova cena |
| 610 | 2 | 0 | |a ekonómia |
| 610 | 2 | 0 | |a Lewis, W.A. |
| 610 | 2 | 0 | |a Schultz, T.W. |
| 610 | 2 | 0 | |a 1979 |
| 610 | 2 | 0 | |a výskum ekonomický |
| 610 | 2 | 0 | |a rozvoj hospodársky |
| 610 | 2 | 0 | |a krajiny rozvojové |